000 01010nam a22002777a 4500
001 4827
003 FISKH
005 20241017101814.0
008 241017b cb ||||| |||| 00| 0 eng d
040 _aFISKH
_beng
_cFISKH
_dFISKH
050 _aPZ7.G75149
082 _a813
100 _aGrace, N.B.
245 _aStories from East High #1 :
_bBattle of the Bands /
_cby N.B. Grace
250 _aFirst Edition
260 _aNew York :
_bDisnep Press ;
_c2007 .
300 _a142 pages :
_billustrations ;
_c20 cm .
490 _a Disney High School Musical: Stories from East High
_vBook 1
505 _aK
520 _aWhen East High puts on a battle of the bands contest, Troy is set to perform with his basketball buddies and Sharpay will be in her own girl group, but Gabriella wonders why Troy does not want to join forces with her again.
521 8 _a510
_bLexile estimate
521 8 _aK
_bRaz-Plus
650 _amusical
_vfictioon
942 _2ddc
_cBK
_n0
999 _c4827
_d4827